| 000 | 00625cam a2200181 a 4500 | ||
|---|---|---|---|
| 999 |
_c854 _d854 |
||
| 020 | _a0256225540 | ||
| 050 | 0 | 0 |
_aHF1017 _b.W43 |
| 100 | 1 | _aWebster, Allen. | |
| 245 | 1 | 0 |
_aApplied statistics for business and economics : _ban essentials version / _cAllen L. Webster. |
| 250 | _a3rd ed. | ||
| 260 |
_aBoston : _bIrwin/McGraw-Hill, _cc1998. |
||
| 300 |
_axx, 604 p. : _bcol. ill. ; _c26 cm. + _e1 computer disk (3 1/2 in.) |
||
| 440 | 4 | _aThe Irwin/McGraw-Hill series in operations and decision sciences | |
| 500 | _aIncludes index. | ||
| 650 | 0 | _aCommercial statistics. | |
| 650 | 0 |
_aEconomics _xStatistical methods. |
|
| 942 | _cBK | ||